The Anatomy of Human Destructiveness (Record no. 198)
[ view plain ]
| 000 -LEADER | |
|---|---|
| fixed length control field | 00977cam a22001934a 4500 |
| 005 - ΗΜΕΡΟΜΗΝΙΑ ΚΑΙ ΩΡΑ ΤΕΛΕΥΤΑΙΑΣ ΕΝΗΜΕΡΩΣΗΣ | |
| Πεδίο ελέγχου | 20250605163927.0 |
| 008 - FIXED-LENGTH DATA ELEMENTS--GENERAL INFORMATION | |
| Πεδίο ελέγχου σταθερού μήκους | 250528s ||||||||||||||||||||||||d |
| 035 ## - SYSTEM CONTROL NUMBER | |
| System control number | 14574 |
| 020 ## - ISBN | |
| ISBN | 140134654 |
| 040 ## - ΠΗΓΗ ΚΑΤΑΛΟΓΟΓΡΑΦΗΣΗΣ | |
| Φορέας πρωτότυπης καταλογογράφησης | MC Athens Campus Library |
| Γλώσσα καταλογογράφησης | Ελληνικά, Μοντέρνα (1453-) |
| Modifying agency | MC Athens Campus Library |
| Κανόνες περιγραφικής καταλογογράφησης | AACR2 |
| 245 1# - ΤΙΤΛΟΣ ΚΑΙ ΔΗΛΩΣΗ ΥΠΕΥΘΥΝΟΤΗΤΑΣ | |
| Τίτλος | The Anatomy of Human Destructiveness |
| 260 ## - PUBLICATION, DISTRIBUTION, ETC. | |
| Name of publisher, distributor, etc. | Penguin Books |
| 300 ## - PHYSICAL DESCRIPTION | |
| Extent | 688 |
| 520 ## - SUMMARY, ETC. | |
| Summary, etc. | A major work of argument and reflection on human aggression. Preface, Terminology, Introduction: Instincts and Human Passions, Instinctivists and Behaviorism and Psychoanalysis, The Instinctivists, Environmentalists and Behaviorists, Instinctivism and Behaviorism, Malignant Aggression: Cruelty and Destructiveness, Malignant Aggression: Necrophilia, Malignant Aggression: Adolf Hilter - a Clinical Case of Necrophilia, Epilogue: On the Ambiguity of Hope, Freud's Theory of Aggressiveness and Destructiveness, Bibliography, Index. |
| 700 1# - ΠΡΟΣΘΕΤΗ ΑΝΑΓΡΑΦΗ--ΦΥΣΙΚΟ ΠΡΟΣΩΠΟ | |
| Personal name | Fromm Erich |
| 9 (RLIN) | 288 |
| 942 ## - ADDED ENTRY ELEMENTS (KOHA) | |
| Koha item type | Books |
| Τύπος τεκμηρίου | Βιβλιοθήκη | Τρέχουσα τοποθεσία | Barcode | Αριθμός εισαγωγής | Ημερομηνία απόκτησης | Ταξιθετικό σύμβολο | Αριθμός αντιτύπου | Κατάσταση απόσυρσης | Κατάσταση χαμένου | Κατάσταση κατεστραμμένου | Μη δανεισμός | Σύνολο δανεισμών | Ημερομηνία λήξης | Ημερομηνία τελευταίας εμφάνισης | Χρονολογία τελευταίου δανεισμού | Η τιμή ισχύει από |
|---|---|---|---|---|---|---|---|---|---|---|---|---|---|---|---|---|
| Books | MC Athens Campus Library | MC Athens Campus Library | 9780000001979 | 2332 | 05/06/2025 | 152.5 FRO | 1 | 2 | 04/12/2025 | 27/11/2025 | 27/11/2025 | 05/06/2025 |